1109 1394 1074 1385 1518 1025 1306 1103 1498 1064 1320 1968 1761 1734 1131 1739 1830 1678 1991 1004 1028 1458 1077 1410 1628 1220 1965 1095 1523 1096 1738 1896 1968 1472 1638 1466 1506 1001 1487 1159 1886 1063 1568 1576 1989 1746 1507 1294 1215 1432 1242 1519 1823 1332 1932 1424 1871 1667 1646 1529 1915 1361 1916 1895 1422 1984 1225 1412 1023 1357 1234 1772 1268 1544 1682 1549 1347 1016 1566 1394 1239 1652 1881 1511 1807 1859 1649 1146 1068 1831 1763 1345 1290 1374 1274 1845 1146 1978 1560 BCNSPRNW ULIB Ver.6.0+V

เปลี่ยนเป็นภาษาไทย

Change to English
 แสดงรายละเอียดบรรณานุกรม
  กลับหน้าหลัก

Brief Record : Get Marc (ISO 2709) : E-mail record : QR code < ปิดหน้าต่าง
LEADER : 00000nam 2200000uu 4500
001    13399127195
003     ULIB
008    191021s2562||||th 000 0 tha d
020 ^- ^a9786160036202
050 ^- ^aนว.^bต258ณ
100 0^ aตะวัน.
245 10 ^aณ จุดเกิดรัก /^cตะวัน.
250 ^- ^aพิมพ์ครั้งที่ 1.
260 ^- ^aกรุงเทพฯ :^bบริษัทสถาพรบุ๊คส์ จำกัด,^c2562
300 ^- ^a487 หน้า.
945    ^p340^l0^i27887
999    ^aกัณชพร จุลอักษร
รายการนี้ยังไม่มีแท็ก
คุณยังไม่ได้ล็อกอิน คุณสามารถมีกิจกรรมร่วมกับเว็บไซต์ได้ แต่ต้องล็อกอินก่อน ::
  ล็อกอิน

รายการสื่อสารสนเทศ

ลำดับที่ ประเภท เลขเรียก/บาร์โค้ด สถานที่ สถานะ
1. วิทยาศาสตร์การแพทย์ และสุขภาพ
วิทยาศาสตร์การแพทย์ และสุขภาพ
นว. ต258ณ ฉ.1 
  Barcode: 27887
ห้องสมุดวิทยาเขตนครสวรรค์
►นวนิยาย:l:Fiction
บนชั้น

รายการใกล้เคียง
    ผู้แต่ง [aตะวัน.]

BibComment


ยังไม่เคยถูกคอมเมนท์

คอมเมนท์ทรัพยากรรายการนี้
  คอมเมนท์: ณ จุดเกิดรัก ตะ..


 Copyright 2026. Bcnsprnw @Library